| 000 | 00776nam a2200229 a 4500 | ||
|---|---|---|---|
| 001 | 17883 | ||
| 003 | BD-RjUL | ||
| 005 | 20211209000215.0 | ||
| 008 | 140219t1962 enk 000 0 eng u | ||
| 035 | _a(BD-RjUL)17941 | ||
| 035 | _a(OCoLC)647383 | ||
| 040 |
_aYNG _dOCL _dEQO _beng _cBD-RjUL |
||
| 041 | _aeng | ||
| 082 | 0 | 4 |
_a822.08 _bELC 1962 |
| 100 | 1 |
_aEliot, T. S. _q(Thomas Stearns), _d1888-1965. _955190 |
|
| 245 | 1 | 0 |
_aCollected plays : _bMurder in the cathedral, The family reunion, The cocktail party, The confidential clerk, The elder satesman / _cT. S. Eliot |
| 260 |
_aLondon : _bFaber, _c1962. |
||
| 300 |
_a355 p. ; _c23 cm. |
||
| 600 |
_aEliot, T. S. , _d1888-1965. _xCollected Plays _9238474 |
||
| 650 |
_aEnglish Drama _xCollections _9238475 |
||
| 942 |
_2ddc _cBK |
||
| 999 |
_c17883 _d17883 |
||